| 000 | 01318nam a22003374a 4500 | ||
|---|---|---|---|
| 001 | ebr10039179 | ||
| 003 | CaPaEBR | ||
| 006 | m u | ||
| 007 | cr cn||||||||| | ||
| 008 | 021025s2003 cou sb 000 0 eng | ||
| 010 | _z 2002152848 | ||
| 020 | _z1888570695 (pbk. : alk. paper) | ||
| 040 |
_aCaPaEBR _cCaPaEBR |
||
| 035 | _a(OCoLC)55641421 | ||
| 050 | 1 | 4 |
_aHQ1190 _b.S455 2003eb |
| 082 | 0 | 4 |
_a305.42/01 _221 |
| 245 | 0 | 0 |
_aSiblings under the skin _h[electronic resource] : _bfeminism, social justice, and analytic philosophy / _cedited by Sharyn Clough. |
| 260 |
_aAurora, Colo. : _bDavies Group, _cc2003. |
||
| 300 | _avi, 327 p. | ||
| 490 | 1 | _aCritical studies in the humanities | |
| 504 | _aIncludes bibliographical references. | ||
| 533 |
_aElectronic reproduction. _bPalo Alto, Calif. : _cebrary, _d2013. _nAvailable via World Wide Web. _nAccess may be limited to ebrary affiliated libraries. |
||
| 650 | 0 | _aFeminist theory. | |
| 650 | 0 | _aLogical positivism. | |
| 650 | 0 | _aAnalysis (Philosophy) | |
| 655 | 7 |
_aElectronic books. _2local |
|
| 700 | 1 |
_aClough, Sharyn, _d1965- |
|
| 710 | 2 | _aebrary, Inc. | |
| 830 | 0 | _aCritical studies in the humanities. | |
| 856 | 4 | 0 |
_uhttp://site.ebrary.com/lib/rucke/Doc?id=10039179 _zAn electronic book accessible through the World Wide Web; click to view |
| 999 |
_c57636 _d57636 |
||